Iron Man 3 (2013) Characters - Statistics

General Stats
  • This quiz has been taken 26 times
  • The average score is 7 of 10
Answer Stats
Hint Answer % Correct
Robert Downey Jr. Iron Man/Tony Stark
100%
Gwyneth Paltrow Pepper Potts
96%
Mark Ruffalo Bruce Banner
92%
Jon Favreau Happy Hogan
88%
Stan Lee Himself
80%
Don Cheadle Iron Patriot/James Rhodey
80%
Guy Pierce Aldrich Killian
60%
Ben Kingsley Trevor Slattery
48%
Ty Simpkins Harley Keener
36%
Shaun Toub Ho Yinsen
32%
No matching quizzes found
Score Distribution
Percent of People with Each Score
Percentile by Number Answered
Your Score History
You have not taken this quiz